| 000 | 00451nam a22001697a 4500 | ||
|---|---|---|---|
| 005 | 20250425120335.0 | ||
| 008 | 250425b |||||||| |||| 00| 0 eng d | ||
| 041 | _amar | ||
| 082 |
_a891.46 _bPAT B22582 |
||
| 100 |
_aPatange R _9109077 |
||
| 245 | _aRajarshi Shahu Maharaj Jeevan V Kary | ||
| 260 |
_aPune _bBharatiya Vichar Sadhana Prakashan _c2023 |
||
| 300 | _a143p | ||
| 500 | _aMarathi Literature | ||
| 500 | _aLiterature | ||
| 942 | _cBK | ||
| 999 |
_c365960 _d365960 |
||